Statistics for Portugal Euro 2004 Squad

Click here to take the quiz!

General Stats

  • This quiz has been taken 649 times
  • The average score is 14 of 23

Answer Stats

PositionClubAnswer% Correct
FWManchester UnitedCristiano Ronaldo
98%
MDReal MadridLuís Figo
94%
MDAC MilanRui Costa
86%
MDPortoDeco
80%
FWPSGPauleta
80%
GKSporting LisbonRicardo
80%
FWBenficaNuno Gomes
72%
DFPortoRicardo Carvalho
72%
MDPortoManiche
71%
FWTottenhamHélder Postiga
67%
MDPortoCostinha
62%
DFLazioFernando Couto
54%
DFPortoPaulo Ferreira
54%
GKBragaQuim
54%
MDBenficaSimão Sabrosa
51%
DFPortoNuno Valente
48%
DFLa CorunaJorge Andrade
47%
DFBenficaMiguel
46%
DFSporting LisbonRui Jorge
45%
DFSporting LisbonBeto
44%
MDBenficaPetit
44%
GKBenficaJosé Moreira
39%
MDBenficaTiago
35%

Score Distribution

Percentile by Number Answered

Percent of People with Each Score

Your Score History

You have not taken this quiz